[Event "XVIII C.to Italiano UISP A"]
[Site "Montecatini Terme ITA"]
[Date "1997.12.??"]
[Round "2"]
[White "De Santis, Alessio"]
[Black "Steinfl, Alessandro"]
[Result "1-0"]
[WhiteElo "2185"]
[BlackElo "2270"]
[PlyCount "61"]
[EventDate "1997.12.04"]

1. d4 c5 2. d5 f5 3. Nc3 Nf6 4. g3 g6 5. Bg2 d6 6. h4 Bg7 7. Nh3 Nbd7 8. Nf4
Ne5 9. h5 O-O 10. hxg6 hxg6 11. b3 b5 12. Bb2 Rb8 13. a4 b4 14. Nb5 g5 15. Bxe5
gxf4 16. Bxf6 Bxf6 17. Nxa7 Qe8 18. gxf4 Qg6 19. Rh3 Kf7 20. Rg3 Qh6 21. Nxc8
Rbxc8 22. Qd3 Qxf4 23. Rf3 Qg5 24. Qxf5 Qxg2 25. Rg3 Qh1+ 26. Kd2 Qh6+ 27. Kd3
c4+ 28. bxc4 Rc5 29. Rh1 Rh8 30. Rxh6 Rxh6 31. Qe6+ 1-0

[Event "XVIII C.to Italiano UISP A"]
[Site "Montecatini Terme ITA"]
[Date "1997.12.??"]
[Round "2"]
[White "Di Vincenzi, Renato"]
[Black "Leoncini, Mario"]
[Result "1/2-1/2"]
[WhiteElo "2128"]
[BlackElo "2180"]
[PlyCount "43"]
[EventDate "1997.12.04"]

1. Nf3 d5 2. g3 Nf6 3. Bg2 e6 4. O-O Be7 5. c4 O-O 6. Qc2 c6 7. d3 b6 8. Nbd2
Bb7 9. b3 c5 10. Ne5 Nc6 11. Nxc6 Bxc6 12. Bb2 Rc8 13. e4 dxe4 14. dxe4 Qc7 15.
Rad1 Qb7 16. f3 Rfd8 17. Nb1 Rc7 18. Rxd8+ Bxd8 19. Rd1 Rd7 20. Nc3 Be7 21. Rd3
Rxd3 22. Qxd3 1/2-1/2

[Event "XVIII C.to Italiano UISP A"]
[Site "Montecatini Terme ITA"]
[Date "1997.12.??"]
[Round "2"]
[White "Galioto, Natale"]
[Black "Riccio, Eros"]
[Result "1-0"]
[WhiteElo "1822"]
[BlackElo "1735"]
[PlyCount "45"]
[EventDate "1997.12.04"]

1. e4 c6 2. Nc3 d5 3. Nf3 dxe4 4. Nxe4 Nd7 5. Bc4 e6 6. Qe2 Nb6 7. Bb3 Nf6 8.
d3 Be7 9. O-O O-O 10. Re1 Nxe4 11. Qxe4 Nd5 12. c3 Nf6 13. Qe2 Qd6 14. Ne5 Nd5
15. d4 Re8 16. Bc2 Bf8 17. Bxh7+ Kxh7 18. Qh5+ Kg8 19. Qxf7+ Kh7 20. Qxe8 Nf6
21. Qg6+ Kg8 22. Qf7+ Kh7 23. Re3 1-0

[Event "XVIII C.to Italiano UISP A"]
[Site "Montecatini Terme ITA"]
[Date "1997.12.??"]
[Round "2"]
[White "Genovese, Maurizio"]
[Black "Cesarini, Lanfranco"]
[Result "1/2-1/2"]
[WhiteElo "2285"]
[BlackElo "1903"]
[PlyCount "104"]
[EventDate "1997.12.04"]

1. d4 Nf6 2. c4 e6 3. Nc3 c5 4. d5 exd5 5. cxd5 d6 6. Nf3 g6 7. Nd2 a6 8. a4
Nbd7 9. Nc4 Nb6 10. Na3 Bd7 11. Bg5 h6 12. Bh4 Bg7 13. e3 O-O 14. a5 Nc8 15.
Nc4 Bb5 16. Be2 Bxc4 17. Bxc4 b5 18. axb6 Qxb6 19. Ra2 Qb4 20. Qd3 Nb6 21. Bxf6
Bxf6 22. Bxa6 Qb3 23. O-O Bxc3 24. Ra3 Qxb2 25. Rxc3 Rxa6 26. Qxa6 Qxc3 27.
Qxb6 Qe5 28. Qb3 Rc8 29. Qc4 Rb8 30. Rd1 Rb4 31. Qd3 c4 32. Qc2 c3 33. g3 Rb2
34. Qd3 Qh5 35. Kg2 Qe5 36. Kg1 Qh5 37. Rf1 c2 38. e4 Qg5 39. Qc3 Qe5 40. Qd3
Rb4 41. Qxc2 Rxe4 42. Rd1 Re2 43. Rd2 Qa1+ 44. Kg2 Re1 45. Re2 Rxe2 46. Qxe2
Qd4 47. Qb5 h5 48. h4 Kg7 49. Qc6 Qe4+ 50. Kf1 Qd3+ 51. Kg1 Qb1+ 52. Kg2 Qb4
1/2-1/2

[Event "XVIII C.to Italiano UISP A"]
[Site "Montecatini Terme ITA"]
[Date "1997.12.??"]
[Round "2"]
[White "Luciani, Valerio"]
[Black "Fabiano, Giuseppe"]
[Result "0-1"]
[WhiteElo "2225"]
[BlackElo "2240"]
[PlyCount "99"]
[EventDate "1997.12.04"]

1. e4 c5 2. Nc3 e6 3. g3 Nc6 4. Bg2 Nf6 5. Nge2 Be7 6. d4 cxd4 7. Nxd4 O-O 8.
O-O d6 9. Nb3 Rb8 10. a4 b6 11. Be3 Bb7 12. Qe2 a6 13. Rfd1 Qc7 14. f4 Nb4 15.
Rd2 Rfe8 16. Rad1 Bf8 17. g4 d5 18. e5 Nd7 19. Qf2 Ba8 20. Nd4 Rbc8 21. Nde2
Nc6 22. h3 Na5 23. b3 Bb4 24. Bd4 Nc6 25. Be3 d4 26. Nxd4 Bxc3 27. Nxe6 fxe6
28. Rxd7 Red8 29. Rxc7 Rxd1+ 30. Kh2 Rxc7 31. Bf3 Ra1 32. Bxb6 Rd7 33. Qc5 Rd2+
34. Bg2 Bd4 35. Qc4 Bxb6 36. Qxe6+ Kf8 37. Qc8+ Rd8 38. Qf5+ Ke7 39. Qg5+ Kd7
40. e6+ Kxe6 41. Qxg7 Rg1 42. f5+ Kd6 43. f6 Ke6 44. f7 Rxg2+ 45. Kxg2 Ne5+ 46.
Kg3 Nxf7 47. Qxh7 Rd2 48. Qg6+ Ke5 49. Qxb6 Nd6 50. Kh4 0-1

[Event "XVIII C.to Italiano UISP A"]
[Site "Montecatini Terme ITA"]
[Date "1997.12.??"]
[Round "2"]
[White "Magalotti, Andrea"]
[Black "Ceccatelli, Claudio"]
[Result "1-0"]
[WhiteElo "2155"]
[BlackElo "1723"]
[PlyCount "67"]
[EventDate "1997.12.04"]

1. e4 e5 2. Nf3 Nf6 3. Nc3 Bb4 4. Nd5 Nxd5 5. exd5 O-O 6. c3 Bc5 7. d3 Re8 8.
Be2 c6 9. dxc6 bxc6 10. O-O d5 11. d4 exd4 12. cxd4 Bd6 13. Be3 Bf5 14. Rc1 Be4
15. Nd2 Qh4 16. g3 Qh3 17. Bf3 Bxf3 18. Qxf3 h5 19. Rfe1 h4 20. Bf4 Be7 21. g4
Qxf3 22. Nxf3 Na6 23. Rxc6 Nb4 24. Rc7 Bf6 25. Rxe8+ Rxe8 26. g5 Be7 27. Rxa7
Nd3 28. Be3 Nxb2 29. Nxh4 Nc4 30. Nf5 Bf8 31. Bf4 g6 32. Ne3 Nd2 33. Nxd5 Bg7
34. Bxd2 1-0

[Event "XVIII C.to Italiano UISP A"]
[Site "Montecatini Terme ITA"]
[Date "1997.12.??"]
[Round "2"]
[White "Mariotti, Sergio"]
[Black "Del Dotto, Riccardo"]
[Result "1-0"]
[WhiteElo "2395"]
[BlackElo "1989"]
[PlyCount "89"]
[EventDate "1997.12.04"]

1. d4 Nf6 2. c4 c5 3. Nf3 cxd4 4. Nxd4 e5 5. Nb5 d5 6. cxd5 Bb4+ 7. Bd2 Bxd2+
8. Qxd2 a6 9. N5c3 e4 10. e3 O-O 11. Qd4 Re8 12. Nd2 b5 13. a4 b4 14. Qxb4 Nxd5
15. Nxd5 Qxd5 16. Rc1 Nd7 17. Be2 h5 18. Qd4 Qg5 19. O-O Nf6 20. Rc5 Qg6 21.
Qd6 h4 22. Qf4 h3 23. g3 Nd7 24. Bh5 Qe6 25. Bg4 Qb6 26. Rxc8 Rexc8 27. Bxd7
Rd8 28. Nc4 Qb3 29. Qxe4 Rab8 30. Bxh3 Qxa4 31. Rc1 Rxb2 32. Bf1 Rb4 33. Qe7
Rf8 34. Nd6 Qa3 35. Rd1 Qa4 36. Be2 Rb2 37. Bf3 Qc2 38. Rf1 Qc5 39. Rd1 Qc2 40.
Rf1 Qc5 41. Be4 Rd2 42. Qh4 g6 43. Bxg6 fxg6 44. Ne4 g5 45. Qh6 1-0

[Event "XVIII C.to Italiano UISP A"]
[Site "Montecatini Terme ITA"]
[Date "1997.12.??"]
[Round "2"]
[White "Mola, Pietro"]
[Black "Lucaroni, Massimiliano"]
[Result "1-0"]
[WhiteElo "2190"]
[BlackElo "2280"]
[PlyCount "95"]
[EventDate "1997.12.04"]

1. e4 e5 2. Nf3 Nc6 3. Bc4 Nf6 4. d3 Bc5 5. Nc3 d6 6. Bg5 h6 7. Bxf6 Qxf6 8.
Nd5 Qd8 9. c3 Ne7 10. d4 Nxd5 11. Bxd5 exd4 12. Nxd4 O-O 13. O-O Qf6 14. Bb3
Bd7 15. Qd3 Rae8 16. Rae1 Qg6 17. Bc2 Re5 18. f4 Re7 19. Kh1 Bc6 20. Nxc6 bxc6
21. Qd2 Qh5 22. Qd3 Qg6 23. Qd1 h5 24. f5 Qg4 25. Qxg4 hxg4 26. Ba4 g5 27. fxg6
fxg6 28. Bxc6 g3 29. Bd5+ Kg7 30. Rxf8 Kxf8 31. Rf1+ Kg7 32. Rf3 gxh2 33. Kxh2
g5 34. Kg3 Kg6 35. Kg4 Rh7 36. g3 Re7 37. Rf8 Be3 38. Ra8 c5 39. Rd8 Kf6 40.
Rxd6+ Ke5 41. Rd8 Bc1 42. b4 cxb4 43. cxb4 Bd2 44. b5 Be3 45. a4 Rc7 46. Re8+
Kd6 47. a5 Kc5 48. Rb8 1-0

[Event "XVIII C.to Italiano UISP A"]
[Site "Montecatini Terme ITA"]
[Date "1997.12.??"]
[Round "2"]
[White "Ottavi, Marco"]
[Black "Tencati, Giuseppe"]
[Result "1/2-1/2"]
[WhiteElo "1945"]
[BlackElo "2035"]
[PlyCount "79"]
[EventDate "1997.12.04"]

1. d4 d5 2. Nf3 Nf6 3. e3 c6 4. Nbd2 Bf5 5. c4 e6 6. Qb3 Qb6 7. c5 Qxb3 8. axb3
Be7 9. Be2 Nbd7 10. b4 O-O 11. O-O a6 12. Nb3 Rab8 13. Bd2 Ne8 14. Bc3 Nc7 15.
Nc1 Nb5 16. Nd3 f6 17. Rfe1 Bd8 18. Nh4 Bxd3 19. Bxd3 f5 20. Nf3 Bc7 21. Ng5
Rfe8 22. f4 Nf6 23. Nf3 Ne4 24. Bxe4 fxe4 25. Ne5 Bxe5 26. fxe5 h5 27. Rf1 Rf8
28. Rxf8+ Rxf8 29. Rf1 Na7 30. Rxf8+ Kxf8 31. Be1 g5 32. g4 h4 33. Kg2 Nc8 34.
Bd2 Ne7 35. h3 Ke8 36. Be1 Ng6 37. Bd2 Kd7 38. Be1 Kc7 39. Bd2 b6 40. Be1
1/2-1/2

[Event "XVIII C.to Italiano UISP A"]
[Site "Montecatini Terme ITA"]
[Date "1997.12.??"]
[Round "2"]
[White "Patavia, Antonio"]
[Black "Bini, Lorenzo"]
[Result "1/2-1/2"]
[WhiteElo "2090"]
[BlackElo "2135"]
[PlyCount "44"]
[EventDate "1997.12.04"]

1. e4 d6 2. d4 Nf6 3. Nc3 a6 4. a4 b6 5. Bd3 Bb7 6. Qe2 Nc6 7. Nf3 Nb4 8. Bc4
e6 9. O-O d5 10. exd5 Nbxd5 11. Nxd5 Nxd5 12. Bb3 Be7 13. c4 Nf6 14. d5 exd5
15. Re1 Kf8 16. Bf4 Bc5 17. cxd5 Bxd5 18. Rad1 c6 19. Bg5 Qc7 20. Bxd5 Nxd5 21.
Qc4 h6 22. Bh4 Qf4 1/2-1/2

[Event "XVIII C.to Italiano UISP A"]
[Site "Montecatini Terme ITA"]
[Date "1997.12.??"]
[Round "2"]
[White "Ragonese, Lucio Rosario"]
[Black "Pastorini, Mario"]
[Result "1/2-1/2"]
[WhiteElo "2060"]
[BlackElo "2190"]
[PlyCount "49"]
[EventDate "1997.12.04"]

1. d4 Nf6 2. Nf3 e6 3. Bg5 Be7 4. Nbd2 d5 5. e3 Nbd7 6. Bd3 c5 7. c3 b6 8. O-O
Bb7 9. Qc2 Qc7 10. Rfe1 h6 11. Bh4 O-O 12. Bb5 Bd6 13. Bg3 Bxg3 14. hxg3 Rfd8
15. Rad1 Rac8 16. Be2 Re8 17. Qa4 a6 18. Bd3 b5 19. Qc2 c4 20. Be2 a5 21. Nh2
b4 22. f4 Bc6 23. g4 Nb6 24. Rb1 Rb8 25. Ndf3 1/2-1/2

[Event "XVIII C.to Italiano UISP A"]
[Site "Montecatini Terme ITA"]
[Date "1997.12.??"]
[Round "2"]
[White "Rossi, Carlo"]
[Black "Unterthurner, Hans"]
[Result "1-0"]
[WhiteElo "2355"]
[BlackElo "1863"]
[PlyCount "51"]
[EventDate "1997.12.04"]

1. e4 e6 2. Nf3 d5 3. Nc3 Nf6 4. e5 Nfd7 5. d4 c5 6. Bb5 Nc6 7. O-O cxd4 8.
Nxd4 Qc7 9. Re1 Be7 10. Nf5 O-O 11. Bxc6 exf5 12. Nxd5 Qd8 13. Nxe7+ Qxe7 14.
Bd5 Nc5 15. Qh5 Be6 16. Bg5 Qc7 17. Bf3 Ne4 18. Rxe4 fxe4 19. Bxe4 f5 20. exf6
gxf6 21. Bh6 Rf7 22. Re1 Re8 23. Bxh7+ Kh8 24. Bf5 Qd7 25. Bf4+ Kg8 26. Bxe6
1-0

[Event "XVIII C.to Italiano UISP A"]
[Site "Montecatini Terme ITA"]
[Date "1997.12.??"]
[Round "2"]
[White "Sarno, Spartaco"]
[Black "Mauro, Alan"]
[Result "1/2-1/2"]
[WhiteElo "2400"]
[BlackElo "2275"]
[PlyCount "43"]
[EventDate "1997.12.04"]

1. Nf3 Nf6 2. g3 g6 3. Bg2 Bg7 4. O-O O-O 5. c4 d6 6. Nc3 Nc6 7. d3 e5 8. Rb1
a5 9. a3 Bf5 10. Bg5 Qd7 11. Re1 Rae8 12. b4 axb4 13. axb4 Bh3 14. b5 Nd4 15.
Nxd4 Bxg2 16. Kxg2 exd4 17. Bxf6 Bxf6 18. Nd5 Bd8 19. Ra1 c6 20. bxc6 bxc6 21.
Qa4 Re5 22. e4 1/2-1/2

[Event "XVIII C.to Italiano UISP A"]
[Site "Montecatini Terme ITA"]
[Date "1997.12.??"]
[Round "2"]
[White "Stefanelli, Luca"]
[Black "Bezzi, Massimo"]
[Result "1/2-1/2"]
[WhiteElo "2270"]
[BlackElo "1933"]
[PlyCount "140"]
[EventDate "1997.12.04"]

1. d4 f5 2. g3 Nf6 3. Bg2 e6 4. Nf3 d5 5. O-O Bd6 6. c4 c6 7. b3 Qe7 8. Ne5 O-O
9. Bb2 Nbd7 10. Qc2 Ng4 11. Nxg4 fxg4 12. e4 dxc4 13. e5 Bb4 14. bxc4 Qg5 15.
c5 Ba5 16. Bc1 Qh5 17. Nd2 Bxd2 18. Bxd2 Nb8 19. Qb3 Na6 20. f3 Nc7 21. fxg4
Rxf1+ 22. Rxf1 Qxg4 23. Rf4 Qe2 24. Rf2 Qg4 25. h3 Qg6 26. Rf4 Nd5 27. Be4 Qe8
28. Rh4 g6 29. Qf3 Bd7 30. Bg5 Qf8 31. Bf6 Nxf6 32. exf6 Qf7 33. Qf4 Be8 34.
Bxg6 hxg6 35. Qh6 Qxf6 36. Qh7+ Kf8 37. Rf4 Qxf4 38. gxf4 Bf7 39. Qh8+ Bg8 40.
Qf6+ Bf7 41. Kf2 Re8 42. Ke3 Re7 43. Qe5 a6 44. Qb8+ Be8 45. Ke4 Kf7 46. Kf3
Rd7 47. Kg4 Ke7 48. h4 Kf7 49. h5 gxh5+ 50. Kxh5 Rd5+ 51. Kg4 Rd7 52. Kf3 Ke7
53. f5 exf5 54. Qe5+ Kd8 55. Kf4 Rd5 56. Qb8+ Ke7 57. Qxb7+ Bd7 58. Qxa6 Rxd4+
59. Ke3 Rd5 60. Qc4 Be6 61. Qc3 Kd7 62. a4 Kc8 63. Qb4 Re5+ 64. Kf2 Bd5 65. a5
Re4 66. Qb6 Re7 67. a6 f4 68. a7 Rxa7 69. Qxa7 f3 70. Qa8+ Kd7 1/2-1/2

[Event "XVIII C.to Italiano UISP A"]
[Site "Montecatini Terme ITA"]
[Date "1997.12.??"]
[Round "2"]
[White "Vezzosi, Paolo"]
[Black "Lepri, Livio"]
[Result "1-0"]
[WhiteElo "2270"]
[BlackElo "2059"]
[PlyCount "119"]
[EventDate "1997.12.04"]

1. e4 Nf6 2. e5 Nd5 3. d4 d6 4. Nf3 Bg4 5. Be2 e6 6. O-O Be7 7. h3 Bh5 8. c4
Nb6 9. Be3 O-O 10. Nbd2 dxe5 11. Nxe5 Bxe2 12. Qxe2 N8d7 13. f4 c5 14. Rad1
cxd4 15. Bxd4 Qc7 16. Nxd7 Nxd7 17. Ne4 e5 18. fxe5 Nxe5 19. Rf5 f6 20. Bxe5
fxe5 21. Rxf8+ Rxf8 22. Rd5 Rd8 23. Kh2 b6 24. Qh5 Bf6 25. Rd6 Qe7 26. Rc6 Rf8
27. Qg4 Kh8 28. a3 Rd8 29. b4 Qd7 30. Qxd7 Rxd7 31. Rc8+ Rd8 32. Nd6 Kg8 33.
Kg3 Kf8 34. Kf3 Ke7 35. Rxd8 Kxd8 36. Ke4 Kd7 37. Kd5 Be7 38. Nf7 a5 39. Nxe5+
Kc7 40. bxa5 Bxa3 41. a6 Bc5 42. Nc6 Bf2 43. Nd4 Kb8 44. Nb5 Bc5 45. g4 g6 46.
Ke6 g5 47. Kf6 h6 48. Kg7 Bf2 49. Kxh6 Bh4 50. Kg6 Ka8 51. Kf5 Kb8 52. Ke6 Bg3
53. Kd5 Bf2 54. Kc6 Be3 55. Nd6 Ka7 56. Kb5 Kb8 57. Nf7 Ka7 58. Ne5 Bf2 59. Nf3
Be3 60. h4 1-0

[Event "XVIII C.to Italiano UISP A"]
[Site "Montecatini Terme ITA"]
[Date "1997.12.??"]
[Round "2"]
[White "Zucconi, Leandro"]
[Black "Ricci, Marco"]
[Result "1-0"]
[WhiteElo "2140"]
[BlackElo "2215"]
[PlyCount "65"]
[EventDate "1997.12.04"]

1. d4 Nf6 2. Nf3 g6 3. g3 Bg7 4. Bg2 O-O 5. O-O d6 6. c4 Nbd7 7. Nc3 e5 8. h3
c6 9. e4 Qb6 10. dxe5 dxe5 11. Qc2 Nh5 12. Kh2 f5 13. Ng5 Ndf6 14. c5 Qc7 15.
Qb3+ Kh8 16. Ne6 Bxe6 17. Qxe6 Rfe8 18. Qc4 Rad8 19. a3 Rd4 20. Qe2 Red8 21.
Bg5 h6 22. Bxf6 Nxf6 23. Rad1 Qf7 24. Kg1 Qb3 25. exf5 gxf5 26. Rxd4 exd4 27.
Qd2 Rd7 28. Nd1 Ne4 29. Qf4 Qd5 30. Re1 Qxc5 31. Qb8+ Kh7 32. Rxe4 fxe4 33.
Bxe4+ 1-0

[Event "XVIII C.to Italiano UISP A"]
[Site "Montecatini Terme ITA"]
[Date "1997.12.??"]
[Round "3"]
[White "Adinolfi, Vincenzo"]
[Black "Mariotti, Sergio"]
[Result "0-1"]
[WhiteElo "2165"]
[BlackElo "2395"]
[PlyCount "94"]
[EventDate "1997.12.04"]

1. d4 Nf6 2. Nf3 d6 3. c4 Nbd7 4. Nc3 e5 5. e4 c6 6. Be2 Be7 7. O-O O-O 8. Qc2
Qc7 9. h3 Re8 10. Be3 Nf8 11. Rfd1 Ng6 12. dxe5 dxe5 13. Rd2 h6 14. a3 Nf4 15.
Bf1 g5 16. b4 Nh7 17. b5 h5 18. Nh2 Qa5 19. Nf3 Ng6 20. Ne2 h4 21. Qb2 Be6 22.
Nc3 g4 23. hxg4 Bxg4 24. Ne1 Rec8 25. Rc2 Bg5 26. Qb4 Qc7 27. b6 axb6 28. Bxb6
Be7 29. Bc5 Bxc5 30. Qxc5 Nhf8 31. Rb2 Nd7 32. Qb4 b6 33. Nd3 Be6 34. Nd1 Qd8
35. Ne3 Qg5 36. Qd2 Nf6 37. f3 Nf4 38. Nf2 Rd8 39. Qe1 Ra6 40. Kh1 Rda8 41. Qc3
N6h5 42. Neg4 Ng6 43. Rba2 Ng3+ 44. Kg1 Nxe4 45. Qb2 Nc5 46. Rd1 f5 47. Nxe5
Qe3 0-1

[Event "XVIII C.to Italiano UISP A"]
[Site "Montecatini Terme ITA"]
[Date "1997.12.??"]
[Round "3"]
[White "Beggi, Pierluigi"]
[Black "Di Vincenzi, Renato"]
[Result "0-1"]
[WhiteElo "2195"]
[BlackElo "2128"]
[PlyCount "82"]
[EventDate "1997.12.04"]

1. d4 d5 2. Nf3 Nf6 3. c4 e6 4. Bg5 Be7 5. e3 c6 6. Nc3 Nbd7 7. cxd5 exd5 8.
Bd3 O-O 9. Qc2 c5 10. O-O c4 11. Be2 Nb6 12. Ne5 Nfd7 13. Bf4 f6 14. Nf3 f5 15.
Rad1 Nf6 16. a4 Ne4 17. Nb5 Bd7 18. Bc7 Qe8 19. Bxb6 Bxb5 20. axb5 axb6 21. b3
c3 22. Ne5 Bd6 23. Rfe1 f4 24. f3 Ng5 25. Qxc3 Qe7 26. Qd3 Bb4 27. Rf1 Ne6 28.
Kh1 Ra2 29. e4 Rc8 30. exd5 Rc3 31. d6 Qxd6 32. Qf5 Rxe2 33. Ra1 Rxe5 34. Ra8+
Nf8 35. dxe5 Qe7 36. Qxf4 g6 37. h3 Kg7 38. Rd1 Ne6 39. Qe4 Rc7 40. Ra4 Bc3 41.
Rd6 Nc5 0-1

[Event "XVIII C.to Italiano UISP A"]
[Site "Montecatini Terme ITA"]
[Date "1997.12.??"]
[Round "3"]
[White "Bezzi, Massimo"]
[Black "Casadei, Mauro"]
[Result "0-1"]
[WhiteElo "1933"]
[BlackElo "2130"]
[PlyCount "62"]
[EventDate "1997.12.04"]

1. e4 e6 2. d4 d5 3. e5 c5 4. c3 Nc6 5. Nf3 Qb6 6. a3 c4 7. g3 f6 8. exf6 Nxf6
9. Bg2 Bd6 10. O-O O-O 11. Re1 Na5 12. Nbd2 Bd7 13. Ng5 e5 14. dxe5 Ng4 15.
Ndf3 Qxf2+ 16. Kh1 Qc5 17. Be3 Nxe3 18. Rxe3 Nb3 19. Nd4 Nxa1 20. exd6 Nb3 21.
Re5 Qxd6 22. Bxd5+ Kh8 23. Qh5 h6 24. Ne4 Rf1+ 25. Kg2 Qf8 26. Bxc4 Nd2 27. Qe2
Nxc4 28. Qxc4 Rb1 29. Qe2 Bg4 30. Qd3 Rxb2+ 31. Nc2 Rd8 0-1

[Event "XVIII C.to Italiano UISP A"]
[Site "Montecatini Terme ITA"]
[Date "1997.12.??"]
[Round "3"]
[White "Bini, Lorenzo"]
[Black "Stefanelli, Luca"]
[Result "1/2-1/2"]
[WhiteElo "2135"]
[BlackElo "2270"]
[PlyCount "114"]
[EventDate "1997.12.04"]

1. b3 Nf6 2. Bb2 g6 3. e4 d6 4. g3 Bg7 5. Bg2 c5 6. Ne2 Nc6 7. h3 O-O 8. O-O
Bd7 9. Qc1 Qc8 10. Kh2 e5 11. d3 Ne8 12. Nbc3 Nc7 13. Qd2 Nd4 14. Ng1 Rb8 15.
Nd1 f5 16. c3 Nc6 17. Ne3 Be6 18. Nd5 Bxd5 19. exd5 Ne7 20. c4 f4 21. Nf3 h6
22. g4 g5 23. Qe2 Ng6 24. Qe4 Qe8 25. Rh1 Qf7 26. Kg1 Bf6 27. Re1 Kg7 28. Qf5
Rbd8 29. h4 Ne7 30. Qe4 gxh4 31. Nxh4 Bxh4 32. Rxh4 Ng6 33. Rh5 Ne8 34. g5 hxg5
35. Rxg5 Kh6 36. Rxg6+ Qxg6 37. Kf1 Qxe4 38. Bxe4 Nf6 39. Bf5 Nxd5 40. Be4 Nb4
41. Ke2 Rf7 42. a3 Nc6 43. Kd2 Nd4 44. b4 b6 45. Rh1+ Kg7 46. Rg1+ Kf8 47. Rg6
Ke7 48. bxc5 bxc5 49. Bc3 Rb8 50. Kd1 Rb1+ 51. Kd2 Rf1 52. Bd5 Rh7 53. Bxd4
cxd4 54. Ke2 Ra1 55. c5 dxc5 56. Ra6 Kd8 57. Kf3 Re1 1/2-1/2

[Event "XVIII C.to Italiano UISP A"]
[Site "Montecatini Terme ITA"]
[Date "1997.12.??"]
[Round "3"]
[White "Caruso, Augusto"]
[Black "Pastres, Roberto"]
[Result "0-1"]
[WhiteElo "2265"]
[BlackElo "2195"]
[PlyCount "88"]
[EventDate "1997.12.04"]

1. e4 c5 2. Nf3 d6 3. d4 cxd4 4. Nxd4 Nf6 5. Nc3 a6 6. Bc4 e6 7. Bb3 Nbd7 8. f4
Nc5 9. O-O Qc7 10. e5 dxe5 11. fxe5 Qxe5 12. Bf4 Qh5 13. Ncb5 axb5 14. Nxb5 Na6
15. Ba4 Bd7 16. Nc7+ Nxc7 17. Bxd7+ Kd8 18. Bxc7+ Kxc7 19. Qxh5 Nxh5 20. Rxf7
Bc5+ 21. Kh1 Rhf8 22. Bxe6+ Rxf7 23. Bxf7 Nf6 24. Bc4 Rd8 25. Bd3 Bd4 26. Rb1
Ng4 27. Be2 Nf2+ 28. Kg1 Ne4+ 29. Kh1 Rd6 30. g3 Rb6 31. Kg2 Rxb2 32. Rxb2 Bxb2
33. Bd3 Nf6 34. Kf3 Kd6 35. a4 Bc3 36. h4 Be1 37. h5 h6 38. g4 Ke5 39. Bf5 b6
40. Bc8 Ne4 41. Ke2 Bh4 42. Bd7 Kd4 43. c4 Bd8 44. Bc6 Nf6 0-1

[Event "XVIII C.to Italiano UISP A"]
[Site "Montecatini Terme ITA"]
[Date "1997.12.??"]
[Round "3"]
[White "Cesarini, Lanfranco"]
[Black "Luciani, Valerio"]
[Result "1/2-1/2"]
[WhiteElo "1903"]
[BlackElo "2225"]
[PlyCount "53"]
[EventDate "1997.12.04"]

1. e4 e6 2. d4 d5 3. exd5 exd5 4. Nf3 Nf6 5. Bg5 Be7 6. Nbd2 Bf5 7. Nh4 Be6 8.
Bd3 Qd7 9. O-O h6 10. Be3 Nc6 11. c3 O-O-O 12. Nhf3 a6 13. b4 Nb8 14. Ne5 Qe8
15. Rb1 Nfd7 16. Ndf3 Nxe5 17. dxe5 Nd7 18. b5 a5 19. b6 Nc5 20. bxc7 Kxc7 21.
Bb5 Bd7 22. Bxc5 Bxc5 23. Qxd5 b6 24. Nd4 Bxd4 25. cxd4 Bxb5 26. Qxb5 Qxb5 27.
Rxb5 1/2-1/2

[Event "XVIII C.to Italiano UISP A"]
[Site "Montecatini Terme ITA"]
[Date "1997.12.??"]
[Round "3"]
[White "De Santis, Alessio"]
[Black "Vezzosi, Paolo"]
[Result "0-1"]
[WhiteElo "2185"]
[BlackElo "2270"]
[PlyCount "64"]
[EventDate "1997.12.04"]

1. d4 Nf6 2. c4 e6 3. Nc3 Bb4 4. e3 c5 5. Bd3 Nc6 6. Nge2 cxd4 7. exd4 d5 8.
O-O O-O 9. a3 Be7 10. b3 b6 11. Be3 Bb7 12. Qb1 dxc4 13. bxc4 Na5 14. Rd1 Qc8
15. Qa2 Ba6 16. Nb5 Bxb5 17. cxb5 Qd7 18. Bd2 Nb7 19. Bg5 Nd6 20. Qb1 h6 21.
Bd2 Rac8 22. Qb3 Rc7 23. a4 Rfc8 24. Bf4 Nd5 25. Be5 Bf6 26. f4 Qe7 27. Rac1
Rxc1 28. Rxc1 Rxc1+ 29. Nxc1 Bxe5 30. fxe5 Qg5 31. Ne2 Qe3+ 32. Kf1 Ne4 0-1

[Event "XVIII C.to Italiano UISP A"]
[Site "Montecatini Terme ITA"]
[Date "1997.12.??"]
[Round "3"]
[White "Del Dotto, Riccardo"]
[Black "Corvi, Marco"]
[Result "0-1"]
[WhiteElo "1989"]
[BlackElo "2260"]
[PlyCount "34"]
[EventDate "1997.12.04"]

1. e4 Nf6 2. Nc3 d5 3. exd5 Nxd5 4. Bc4 e6 5. Qf3 Nb4 6. Bb3 N8c6 7. Nge2 Na5
8. Ne4 Nxb3 9. Qxb3 Qd5 10. Qxd5 exd5 11. N4c3 Nxc2+ 12. Kd1 Nxa1 13. Nxd5 Bd6
14. b3 Be6 15. Nec3 c6 16. Ne3 Nxb3 17. axb3 Bxb3+ 0-1

[Event "XVIII C.to Italiano UISP A"]
[Site "Montecatini Terme ITA"]
[Date "1997.12.??"]
[Round "3"]
[White "Fabiano, Giuseppe"]
[Black "Rossi, Carlo"]
[Result "0-1"]
[WhiteElo "2240"]
[BlackElo "2355"]
[PlyCount "76"]
[EventDate "1997.12.04"]

1. e4 Nc6 2. Nf3 d6 3. d4 Nf6 4. Bd3 Bg4 5. c3 e6 6. Nbd2 Be7 7. O-O Bh5 8. Qb3
Rb8 9. d5 exd5 10. exd5 Ne5 11. Nxe5 dxe5 12. Re1 O-O 13. Nf1 Nd7 14. Qc2 Bg6
15. Bxg6 hxg6 16. Be3 a5 17. Rad1 Bd6 18. a3 Qh4 19. c4 b6 20. Rb1 e4 21. Bd4
f5 22. b4 axb4 23. axb4 Kf7 24. h3 Qe7 25. Qc3 Kg8 26. f3 Rbe8 27. Nd2 Qh4 28.
fxe4 fxe4 29. c5 bxc5 30. bxc5 Bg3 31. Re2 Nf6 32. Bxf6 Rxf6 33. Qc4 Kh7 34.
Nxe4 Rf4 35. Rb4 Ref8 36. Qc1 Rf1+ 37. Qxf1 Rxf1+ 38. Kxf1 Qf4+ 0-1

[Event "XVIII C.to Italiano UISP A"]
[Site "Montecatini Terme ITA"]
[Date "1997.12.??"]
[Round "3"]
[White "Leoncini, Mario"]
[Black "Ottavi, Marco"]
[Result "1-0"]
[WhiteElo "2180"]
[BlackElo "1945"]
[PlyCount "63"]
[EventDate "1997.12.04"]

1. e4 e6 2. d4 d5 3. Nc3 Bb4 4. e5 c5 5. a3 Bxc3+ 6. bxc3 Ne7 7. Qg4 Qc7 8.
Qxg7 Rg8 9. Qxh7 cxd4 10. Ne2 Nbc6 11. f4 Bd7 12. Qd3 dxc3 13. Qxc3 Nf5 14. Rb1
d4 15. Qd3 O-O-O 16. Rg1 f6 17. exf6 e5 18. g4 Nd6 19. h3 e4 20. Qd2 Nc4 21.
Qd1 Be6 22. Rg3 Ne3 23. Bxe3 dxe3 24. Qc1 Nd4 25. Rxe3 Nxc2+ 26. Kf2 Rd3 27.
Qxc2 Qxc2 28. Rc1 Qxc1 29. Nxc1 Rd2+ 30. Ne2 Bd5 31. Bg2 Re8 32. g5 1-0

[Event "XVIII C.to Italiano UISP A"]
[Site "Montecatini Terme ITA"]
[Date "1997.12.??"]
[Round "3"]
[White "Lepri, Livio"]
[Black "Genovese, Maurizio"]
[Result "0-1"]
[WhiteElo "2059"]
[BlackElo "2285"]
[PlyCount "90"]
[EventDate "1997.12.04"]

1. c4 e6 2. Nf3 Nf6 3. g3 d5 4. b3 Be7 5. Bb2 c6 6. Bg2 Nbd7 7. O-O b5 8. Qc2
Bb7 9. d3 O-O 10. Nbd2 a5 11. Rac1 Qb6 12. cxb5 cxb5 13. Qc7 Rfc8 14. Qxb6 Nxb6
15. Rxc8+ Rxc8 16. Rc1 Rxc1+ 17. Bxc1 Bc5 18. Bb2 Nfd7 19. Bc3 b4 20. Bd4 Bd6
21. Bb2 e5 22. Ne1 f6 23. Nc2 Kf7 24. Kf1 g6 25. Ke1 Ke7 26. a3 Nb8 27. axb4
axb4 28. e4 d4 29. f4 Na6 30. fxe5 fxe5 31. Ke2 Bc6 32. Bc1 Nc7 33. Nc4 Nxc4
34. bxc4 Ba4 35. Na1 b3 36. Bb2 Bb4 37. Kd1 Ne6 38. Kc1 Nc5 39. Bf1 Kd6 40. Be2
Kc6 41. Kb1 Kb6 42. Bc1 Ka5 43. Bg5 Bc3 44. Bd1 Bxa1 45. Kxa1 b2+ 0-1

[Event "XVIII C.to Italiano UISP A"]
[Site "Montecatini Terme ITA"]
[Date "1997.12.??"]
[Round "3"]
[White "Lucaroni, Massimiliano"]
[Black "Ciotoli, Patrizio"]
[Result "1-0"]
[WhiteElo "2280"]
[BlackElo "1938"]
[PlyCount "37"]
[EventDate "1997.12.04"]

1. e4 d5 2. exd5 Qxd5 3. Nc3 Qa5 4. Bc4 Nf6 5. d3 c6 6. Nge2 Bf5 7. Ng3 e6 8.
Bd2 Bb4 9. O-O Bg6 10. a3 Bxc3 11. Bxc3 Qd8 12. f4 O-O 13. f5 exf5 14. Nxf5
Nbd7 15. Qd2 a5 16. Nxg7 Kxg7 17. Rxf6 Kg8 18. Rxg6+ hxg6 19. Qh6 1-0